000 01745cam a22002413a 4500
001 1434
003 PGUSA
005 20140828083001.0
008 980801s1998||||xxu|||||s|||||000 e eng d
040 _aPGUSA
_beng
042 _adc
050 4 _aPR
100 1 _aMeynell, Alice,
_d1847-1922
245 1 0 _aEssays
_h[electronic resource] /
_cAlice Meynell
260 _bProject Gutenberg,
_c1998
505 0 _aWINDS AND WATERS: Ceres' Runaway -- Wells -- Rain -- The Tow Path -- The Tethered Constellations -- Rushes and Reeds -- IN A BOOK ROOM: A Northern Fancy -- Pathos -- Anima Pellegrina! -- A Point of Biography -- The Honours of Mortality -- Composure -- The Little Language -- A Counterchange -- Harlequin Mercutio -- COMMENTARIES: Laughter -- The Rhythm of Life -- Domus Angusta -- Innocence and Experience -- The Hours of Sleep -- Solitude -- Decivilized -- WAYFARING: The Spirit of Place -- Popular Burlesque -- Have Patience, Little Saint -- At Monastery Gates -- The Sea Wall -- ARTS: Tithonus -- Symmetry and Incident -- The Plaid -- The Flower -- Unstable Equilibrium -- Victorian Caricature -- The Point of Honour -- THE CHEARFUL LADIE OF THE LIGHT: The Colour of Life -- The Horizon -- In July -- Cloud -- Shadows -- WOMEN AND BOOKS: The Seventeenth Century -- Mrs. Dingley -- Prue -- Mrs. Johnson -- Madame Roland -- THE DARLING YOUNG: Fellow Travellers with a Bird -- The Child of Tumult -- The Child of Subsiding Tumult -- The Unready -- That Pretty Person -- Under the Early Stars -- The Illusion of Historic Time.
506 _aPublic domain in the USA.
516 _aElectronic text
653 _aEnglish essays
830 0 _aProject Gutenberg
_v1434
856 4 0 _uhttp://www.gutenberg.org/ebooks/1434
942 _cEB
999 _c230782
_d230782